<?xml version="1.0" encoding="UTF-8"?>
<collection xmlns="http://www.loc.gov/MARC21/slim">
 <record>
  <leader>00593pamaa2200193   4500</leader>
  <controlfield tag="001">0000015571</controlfield>
  <controlfield tag="005">20060621090000.0</controlfield>
  <datafield tag="020" ind1="0" ind2="0">
   <subfield code="a">0876921322 </subfield>
  </datafield>
  <datafield tag="082" ind1=" " ind2=" ">
   <subfield code="a">658.4032 WIE</subfield>
  </datafield>
  <datafield tag="090" ind1="0" ind2="0">
   <subfield code="a">T57.85 </subfield>
   <subfield code="b">WIE 1977</subfield>
  </datafield>
  <datafield tag="100" ind1="1" ind2="0">
   <subfield code="a">WIEST </subfield>
  </datafield>
  <datafield tag="245" ind1="1" ind2="2">
   <subfield code="a">A management guide to PERT/CPM : </subfield>
   <subfield code="b">with GERT/PDM/DCPM and other networks  </subfield>
   <subfield code="c">Jerome D. Wiest and Ferdinand K. Levy.</subfield>
  </datafield>
  <datafield tag="250" ind1="0" ind2="0">
   <subfield code="a">2nd ed.</subfield>
  </datafield>
  <datafield tag="260" ind1="0" ind2="0">
   <subfield code="a">New Delhi: </subfield>
   <subfield code="b">Prentice Hall, </subfield>
   <subfield code="c">1991.</subfield>
  </datafield>
  <datafield tag="300" ind1=" " ind2=" ">
   <subfield code="a">x, 229p.: </subfield>
   <subfield code="b">22cm.</subfield>
  </datafield>
  <datafield tag="650" ind1="0" ind2="0">
   <subfield code="a">Scheduling (Management) </subfield>
  </datafield>
  <datafield tag="650" ind1="0" ind2="0">
   <subfield code="a">PERT (Network analysis) </subfield>
  </datafield>
  <datafield tag="650" ind1="0" ind2="0">
   <subfield code="a">Critical path analysis </subfield>
  </datafield>
  <datafield tag="700" ind1="1" ind2="1">
   <subfield code="a">Levy, </subfield>
   <subfield code="h">Ferdinand K. </subfield>
  </datafield>
 </record>
</collection>
